000 00649nam a22002297a 4500
003 UA-OsUOA
001 56201
007 ta
008 20081008b un ||||| |||| 00| 0 ukr d
100 _aКириченко О.
700 _aБіла Т.
090 _a330(477)
_bК43
942 _cSA
040 _aUA-OsUOA
_bukr
_cUA-OsUOA
_dUA-OsUOA
245 _aТенденції злиття та поглинання в банківському секторі економіки України
300 _aС.29-38
955 _a0
041 _aukr
080 _a330(477)
773 0 _w56197
650 7 _a330 Економіка взагалі
_2UDC
999 _c342261
_d342261